Tytuły filmów po niemiecku - Statystyki

Ogólne statystyki
  • Ten quiz został rozwiązany 1 522 razy
    1 491 od ostatniego zresetowania
  • Średni wynik to 9 z 20
Statystyki odpowiedzi
Niemiecki Polski % Poprawnych
Kevin - Allein zu Hause Kevin sam w domu
94%
Der Zauberer von Oz Czarnoksiężnik z Oz
87%
Die Schöne und das Biest Piękna i Bestia
78%
Der Herr der Ringe: Die Gefährten Władca Pierścieni: Drużyna Pierścienia
74%
Das fünfte Element Piąty element
70%
Der König der Löwen Król Lew
62%
Arielle - Die Meerjungfrau Mała Syrenka
59%
Die Monster AG Potwory i spółka
49%
Das Leben ist schön Życie jest piękne
48%
Der sechste Sinn Szósty zmysł
45%
Das Imperium schlägt zurück Gwiezdne wojny: Imperium kontratakuje
44%
Ein kurzer Film über die Liebe Krótki film o miłości
42%
Fluch der Karibik Piraci z Karaibów
42%
Das süße Leben Słodkie życie
35%
Der Untergang Upadek
15%
Die Fälscher Fałszerze
9%
Das weiße Band Biała wstążka
8%
Die Blechtrommel Blaszany bębenek
8%
Diamantenfieber Diamenty są wieczne
7%
Die Entdeckung der Unendlichkeit Teoria wszystkiego
5%
Nie znaleziono quizów pasujących do podanych kryteriów
Rozkład punktacji
Procent ludzi z każdym wynikiem
Percentyl według liczby udzielonych odpowiedzi
Twoja historia wyników
Nie rozwiązałeś tego quizu od ostatniego zresetowania